000 01409njm a2200277 a 4500
003 BLK
005 20241219141715.0
007 sd ammalaaahaa
008 240808b bul||n|| |||||||| n|bulo|
028 _a856 076
040 _aBLK
041 _aDEU
_cDEU
080 _aДруги видове песни. Естрада, джаз. Стари градски. Рок и попмузика. Чалга (поп фолк)
_b784.7
_x(086.72)
_z784.7(086.72)
245 _aJoe Cocker
260 _a Berlin
_bDeutsche Schallplatten
_c1985
_9210744
300 _a1 грамофонна плоча
_b33 об/мин. : моно
_c30 см
380 _a7
490 _9493969
_aAmiga
500 _a Страна 1 (01) Joe Cocker - Feeling Alright (02) Joe Cocker - With A Little Help From My Friends (03) Joe Cocker - She Came In Through The Bathroom Windows (04) Joe Cocker - Sing Me A Song (05) Joe Cocker - Delta Lady (06) Joe Cocker - I Can Stand A Little Rain
500 _a Страна 2 (07) Joe Cocker - Woman To Women (08) Joe Cocker - The Letter (09) Joe Cocker - Don't Let Me Be Misunderstood (10) Joe Cocker - Hitchcock Railway (11) Joe Cocker - Don't Forget Me
653 _9195695
_aрокмузика
852 _aФ ІІ 8521
_bЦб
856 _i0.00
_ldisable
942 _cGPL
_n0
944 _cХристина Везирева
_k30535
_lХристина Везирева
_a30535
999 _c524191
_d524191